| 000 | 00464nam a22001937a 4500 | ||
|---|---|---|---|
| 003 | MPLRDC | ||
| 005 | 20220104144545.0 | ||
| 008 | 210129b ||||| |||| 00| 0 eng d | ||
| 020 | _a955-475-040-0 | ||
| 082 | _a192.1 XLYZ v.7* | ||
| 100 | _a魏悌香著 | ||
| 245 |
_a心灵驿站, 7, 心灵哲思 _c |
||
| 250 | _a初版 | ||
| 260 |
_a _b晨星出版社 _c2001 |
||
| 300 | _b平 | ||
| 490 | _a劲草丛书; 78 | ||
| 650 | _a | ||
| 942 |
_cBK _o192.1 XLYZ v.7* |
||
| 999 |
_c50769 _d50759 |
||